Szczegóły MARC21

Słownik historii doktryn politycznych. T. 6 z suplementem, T-Ż /

005 -DATA I CZAS OSTATNIEJ MODYFIKACJI [,]
    • @
    • pole kontrolne
    • 20171228100536.0
020 -Międzynarod. znormalizowany nr książki - ISBN [ , ]
    • a
    • Numer ISBN
    • 9788370592240 Find
020 -Międzynarod. znormalizowany nr książki - ISBN [ , ]
    • a
    • Numer ISBN
    • 9788376663937 Find
    • q
    • Dopowiedzenie
    • tom
040 -Instytucja sporządzająca opis [ , ]
    • a
    • Instytucja, która sporządziła opis (NP)
    • SZCZ U/SA
    • c
    • Instytucja, która sporządziła rekord (NP)
    • SZCZ U/SA
    • d
    • Instytucja, która zmodyfikowała rekord (P)
    • SZCZ U/KP
041 -Język dokumentu [0, ]
    • a
    • Język tekstu (P)
    • polski
044 -Kraj miejsca wydania [ , ]
    • a
    • Kraj miejsca wydania
    • Polska
942 -Rodzaj dokumentu [ , ]
    • c
    • Rodzaj dokumentu
    • Książka
245 -Strefa tytułu i oznaczenia odpowiedzialności [0,0]
    • a
    • Tytuł
    • Słownik historii doktryn politycznych. Find
    • c
    • Pozostałe elementy strefy tytułu i oznaczenia odpowiedzialności (NP)
    • red. nauk. Krystyna Chojnicka, Michał Jaskólski.
    • n
    • Oznaczenie części (P)
    • T. 6 z suplementem,
    • p
    • Nazwa części (P)
    • T-Ż /
260 -Strefa adresu wydawniczego [ , ]
    • a
    • Miejsce wydania (P)
    • Warszawa :
    • b
    • Nazwa wydawcy (P)
    • Wydawnictwo Sejmowe,
    • c
    • Data wydania (P)
    • 2015.
300 -Strefa opisu fizycznego [ , ]
    • a
    • Określenie formy książki i/lub objętość (NP)
    • 992, [1] s. :
    • b
    • Oznaczenie ilustracji (NP)
    • il. ;
    • c
    • Format (NP)
    • 24 cm.
336 -Typ zawartości [ , ]
    • 2
    • Źródło (terminu i kodu)
    • rdacontent
    • a
    • Termin opisujący typ zawartości
    • Tekst
    • b
    • Kod określający zawartość
    • txt
337 -Typ mediów [ , ]
    • 2
    • Źródło (terminu i kodu)
    • rdamedia
    • a
    • Tryb odtwarzania
    • Bez urządzenia pośredniczącego
    • b
    • Kod typu mediów
    • n
338 -Typ/rodzaj nośnika [ , ]
    • 2
    • Źródło (terminu i kodu)
    • rdacarrier
    • a
    • Hasło opisujące typ nośnika
    • Wolumin
    • b
    • Kod typu nośnika
    • nc
500 -Uwaga ogólna [ , ]
    • a
    • Uwaga ogólna (NP)
    • Suplement zawiera skorowidz haseł dla wszystkich tomów.
504 -Uwaga dot. bibliogr. załącznikowej [ , ]
    • a
    • Uwaga dot. bibliografii załącznikowej
    • Bibliogr. po hasłach. Indeks.
650 -Hasło przedmiotowe [ , ]
    • 9
    • KHW
    • 352281
    • a
    • Hasło przedmiotowe
    • Idee polityczne
    • x
    • Określnik rzeczowy
    • historia.
700 -Hasło dodatkowe - nazwa osobowa [1, ]
    • 9
    • KHW
    • 13107
    • a
    • Nazwa osobowa (NP)
    • Chojnicka, Krystyna Find
    • d
    • Daty biograficzne (NP)
    • (1951- ).
    • e
    • Określenie rodzaju współpracy
    • Red.
700 -Hasło dodatkowe - nazwa osobowa [1, ]
    • 9
    • KHW
    • 9530
    • a
    • Nazwa osobowa (NP)
    • Jaskólski, Michał Find
    • d
    • Daty biograficzne (NP)
    • (1946- ).
    • e
    • Określenie rodzaju współpracy
    • Red.
710 -Hasło dodatkowe - nazwa ciała zbiorowego [2, ]
    • 4
    • Kod relacji
    • pbl
    • 9
    • KHW
    • 52829
    • a
    • Nazwa ciała zbiorowego lub nazwa geograficzna jako pierwszy element (NP)
    • Wydawnictwo Sejmowe.
920 -ISBN [ , ]
    • a
    • ISBN
    • 978-83-7059-224-0 Find
920 -ISBN [ , ]
    • a
    • ISBN
    • 978-83-7666-393-7 Find
    • q
    • Dopowiedzenie
    • tom 6 z suplementem
Numer inwentarzowy Status udost. Data inwentaryzacji Lokalizacja
Z.12167712016-04-14BG